[Event "26th EUR-ch"]
[Site "Katowice POL"]
[Date "2026.04.13"]
[Round "6.40"]
[White "Willow, Jonah"]
[Black "Finek, Vaclav"]
[Result "0-1"]
[WhiteElo "2452"]
[BlackElo "2571"]
[EventDate "2026.04.07"]
[PlyCount "84"]

1.e4 c5 2.Nf3 Nc6 3.Bb5 Nf6 4.Bxc6 dxc6 5.d3 Qc7 6.Qe2 e5 7.b3 Bg4 8.Bb2 
Nd7 9.Nbd2 f6 10.Nc4 a5 11.a4 b6 12.Ne3 Bh5 13.O-O Bd6 14.Nf5 Nf8 15.Ng3 
Bf7 16.Nd2 Ne6 17.Nc4 Bf8 18.Qd2 O-O-O 19.Ne2 g5 20.Ne3 h5 21.Nf5 Nd4 22.
Nexd4 cxd4 23.c3 dxc3 24.Qxc3 c5 25.Ne3 Kb7 26.Nc4 Qd7 27.Rad1 Be6 28.Bc1 
Bd6 29.Be3 Qc6 30.Rc1 Bc7 31.Rfd1 Rh7 32.Na3 h4 33.Nb5 h3 34.g3 Bg4 35.Rd2
Bb8 36.Qc2 Rhd7 37.Nc3 Bf3 38.Nd5 Rxd5 39.exd5 Bxd5 40.f3 Bxf3 41.Rf2 g4 
42.Qc4 f5 0-1

[Event "26th EUR-ch"]
[Site "Katowice POL"]
[Date "2026.04.13"]
[Round "6.41"]
[White "Andersen, Mads"]
[Black "Bakhmatskyi, Vladyslav"]
[Result "1-0"]
[WhiteElo "2562"]
[BlackElo "2442"]
[EventDate "2026.04.07"]
[PlyCount "145"]

1.e4 e5 2.Nf3 Nc6 3.Bc4 Bc5 4.c3 Nf6 5.d3 d6 6.O-O a6 7.a4 Ba7 8.Re1 O-O 
9.h3 h6 10.Nbd2 Re8 11.b4 Be6 12.Bxe6 Rxe6 13.Qc2 Qd7 14.Rb1 b5 15.Ra1 
Rae8 16.Nf1 d5 17.Ng3 d4 18.c4 Nxb4 19.Qb3 c5 20.axb5 axb5 21.cxb5 Bb8 22.
Qc4 Rb6 23.Ra5 Rb7 24.Bd2 Bc7 25.b6 Rxb6 26.Nf5 Rc6 27.Bxb4 cxb4 28.Rc5 
Rxc5 29.Qxc5 Kh7 30.Qxb4 g6 31.Ng3 Bd6 32.Qb3 Rb8 33.Qa2 Rc8 34.Rb1 Rc3 
35.Ne1 Ra3 36.Qc4 Rc3 37.Qa2 Ra3 38.Qb2 Qa7 39.Qb5 Ra5 40.Qc6 Ra6 41.Qc8 
Ra1 42.Qc1 Rxb1 43.Qxb1 Qa4 44.Nf3 Nd7 45.Qb7 Kg7 46.Qd5 Qa3 47.Nf1 Qc5 
48.Qb7 Nb6 49.N1d2 Qc7 50.Qa6 Bb4 51.Nb3 Nd7 52.Qb5 Qd6 53.g3 Bc3 54.Kg2 
h5 55.h4 Bb4 56.Qc4 Nb6 57.Qa6 Nd7 58.Qb7 Bc3 59.Qb5 Bb4 60.Ng5 f6 61.Nf3 
Bc3 62.Qb7 Kf8 63.Qc8+ Kf7 64.Ng1 Bb4 65.Qc4+ Kg7 66.Ne2 f5 67.exf5 gxf5 
68.Qb5 Bc5 69.Qb7 Kg6 70.Nd2 Nf6 71.Nc4 Qe6 72.Nxe5+ Qxe5 73.Nf4+ 1-0

[Event "26th EUR-ch"]
[Site "Katowice POL"]
[Date "2026.04.13"]
[Round "6.42"]
[White "Sousa, Andre Ventura"]
[Black "Costa, Leonardo"]
[Result "0-1"]
[WhiteElo "2447"]
[BlackElo "2556"]
[EventDate "2026.04.07"]
[PlyCount "202"]

1.e4 e5 2.Nf3 Nc6 3.Bb5 a6 4.Ba4 Nf6 5.d3 Bc5 6.c3 b5 7.Bc2 d6 8.O-O O-O 
9.Bg5 h6 10.Bh4 g5 11.Bg3 Bb6 12.a4 Bg4 13.h3 Bh5 14.Nbd2 Rb8 15.axb5 axb5
16.Re1 Ne7 17.d4 Ng6 18.Bd3 exd4 19.cxd4 Bxd4 20.Qc2 Bxf3 21.Nxf3 Be5 22.
Bxe5 dxe5 23.Bf1 Qd6 24.Red1 Qb6 25.Rac1 Rfd8 26.Re1 Ne8 27.Nh2 h5 28.Be2 
Nf4 29.Nf1 Rd4 30.Ne3 Rbd8 31.Bf1 Rd2 32.Qc5 Qf6 33.Nf5 Nd6 34.Qxc7 Ne6 
35.Qe7 Qxe7 36.Nxe7+ Kf8 37.Nc6 Rc8 38.Nxe5 Rxc1 39.Rxc1 Rxb2 40.Nd3 Rd2 
41.Rb1 Nd4 42.Nc5 Nc4 43.Bd3 Nb2 44.Bf1 b4 45.e5 b3 46.Ne4 Rc2 47.Nxg5 Na4
48.Bd3 Nc3 49.Rf1 Rd2 50.Bh7 b2 51.Ne4 Nxe4 52.Bxe4 Ne2+ 53.Kh2 h4 54.Bb1 
Ke7 55.Bf5 Kf8 56.Bb1 Kg7 57.Bf5 Nd4 58.Bb1 Re2 59.g3 Rxe5 60.gxh4 Rc5 61.
Rg1+ Kf8 62.Rd1 Nf3+ 63.Kg3 Rc1 64.Rd8+ Ke7 65.Rb8 Nd2 66.Rxb2 Nxb1 67.h5 
Nc3 68.h6 Nd5 69.Rb7+ Kf6 70.Rd7 Ne7 71.Rd6+ Ke5 72.Ra6 Rg1+ 73.Kh4 Ng6+ 
74.Kh5 Nf4+ 75.Kh4 Rg8 76.Ra5+ Kf6 77.Ra6+ Kf5 78.Ra5+ Kf6 79.Ra6+ Ne6 80.
Ra3 Rh8 81.Rf3+ Kg6 82.Rg3+ Kxh6 83.Rg4 Ra8 84.Kg3 f5 85.Rb4 Kg6 86.Rb6 
Kf6 87.Kg2 Ke5 88.Rb5+ Ke4 89.Rb4+ Nd4 90.h4 f4 91.Kh3 Rd8 92.h5 Kf3 93.
Rb2 Nf5 94.Rb3+ Kxf2 95.Kg4 Nd4 96.Rb2+ Ke3 97.h6 f3 98.Kg5 f2 99.Rb1 Ke2 
100.Rb2+ Kf3 101.Rb1 Kg2 0-1

[Event "26th EUR-ch"]
[Site "Katowice POL"]
[Date "2026.04.13"]
[Round "6.43"]
[White "Sanal, Vahap"]
[Black "Isik, Alparslan"]
[Result "1/2-1/2"]
[WhiteElo "2551"]
[BlackElo "2435"]
[EventDate "2026.04.07"]
[PlyCount "69"]

1.Nf3 d5 2.g3 Nf6 3.Bg2 c5 4.O-O g6 5.c4 Bg7 6.Qa4+ Qd7 7.Qa3 Na6 8.Ne5 
Qd6 9.Qa4+ Nd7 10.Nxd7 Bxd7 11.Qb3 dxc4 12.Qxb7 Rb8 13.Qe4 O-O 14.Na3 Bf5 
15.Qxc4 Rb4 16.Qd5 Rd8 17.Qxd6 exd6 18.d3 Bxb2 19.Rb1 Rdb8 20.Nc2 R4b6 21.
Ne3 Be6 22.Nd5 Bxd5 23.Bxd5 Bxc1 24.Rbxc1 Rb2 25.d4 Nb4 26.Bb3 Nxa2 27.
Bxa2 Rxa2 28.dxc5 dxc5 29.Rxc5 a5 30.Rd1 Rbb2 31.Rd8+ Kg7 32.Re8 a4 33.Ra5
a3 34.Rea8 Rxe2 35.Rxa3 1/2-1/2

[Event "26th EUR-ch"]
[Site "Katowice POL"]
[Date "2026.04.13"]
[Round "6.44"]
[White "Ghimpu, Samuel-Timotei"]
[Black "Can, Emre"]
[Result "1-0"]
[WhiteElo "2443"]
[BlackElo "2546"]
[EventDate "2026.04.07"]
[PlyCount "91"]

1.e4 c5 2.Nf3 d6 3.d4 cxd4 4.Qxd4 Nc6 5.Bb5 Bd7 6.Qd3 g6 7.O-O Bg7 8.c4 
Nf6 9.Nc3 O-O 10.h3 a6 11.Bxc6 Bxc6 12.Nd4 Qb6 13.Rd1 Nd7 14.Be3 Qxb2 15.
Rab1 Qa3 16.Nxc6 bxc6 17.Nd5 Qxd3 18.Nxe7+ Kh8 19.Rxd3 Ne5 20.Rxd6 Rae8 
21.Rb7 Nxc4 22.Rdd7 Nxe3 23.fxe3 c5 24.Rbc7 Bh6 25.Kf2 Bg5 26.Kf3 Bxe7 27.
Rxe7 Kg7 28.Rxe8 Rxe8 29.Rxc5 Re6 30.e5 Rb6 31.Rc7 Kf8 32.Ra7 h6 33.a4 Rc6
34.a5 Rc5 35.e6 fxe6 36.Rxa6 Kf7 37.Ra8 h5 38.a6 Ra5 39.a7 Kg7 40.h4 e5 
41.e4 Ra3+ 42.Ke2 Ra2+ 43.Kd3 Kh7 44.Kc4 Kg7 45.Kd5 Ra5+ 46.Ke6 1-0

[Event "26th EUR-ch"]
[Site "Katowice POL"]
[Date "2026.04.13"]
[Round "6.45"]
[White "Subelj, Jan"]
[Black "Akhvlediani, Irakli"]
[Result "1-0"]
[WhiteElo "2543"]
[BlackElo "2429"]
[EventDate "2026.04.07"]
[PlyCount "119"]

1.e4 e5 2.Nf3 Nc6 3.Bb5 a6 4.Ba4 Nf6 5.d3 b5 6.Bb3 Be7 7.a4 Rb8 8.axb5 
axb5 9.O-O O-O 10.Nc3 d6 11.h3 Bd7 12.Be3 Nb4 13.Ne2 c5 14.Ng3 h6 15.Nh4 
Nxe4 16.Ng6 Nf6 17.Nxf8 Bxf8 18.Nh5 d5 19.Nxf6+ Qxf6 20.c3 Nxd3 21.Qxd3 c4
22.Bxc4 bxc4 23.Qxd5 Bc6 24.Qxc4 Bb5 25.Qa2 Bxf1 26.Rxf1 Qc6 27.Rd1 Be7 
28.Rd2 Bg5 29.Bxg5 hxg5 30.Qa7 Rb7 31.Qe3 Qf6 32.Qe4 Ra7 33.Re2 Ra2 34.
Qxe5 Qxe5 35.Rxe5 Rxb2 36.Rxg5 Rc2 37.Rc5 Kf8 38.Rc7 g5 39.g3 Kg7 40.Kg2 
Kg6 41.c4 Rc3 42.c5 Kf6 43.c6 Kg6 44.Rc8 Kg7 45.Kf1 Rc2 46.Ke1 Kf6 47.Kd1 
Rc5 48.Kd2 Ke6 49.Ke3 Rc2 50.c7 Kf6 51.h4 gxh4 52.gxh4 Kg7 53.h5 Rc4 54.
Kd3 Rc5 55.Kd4 Rc2 56.h6+ Kh7 57.f4 Rc1 58.Ke5 Rc2 59.Kd6 Rd2+ 60.Ke7 1-0

[Event "26th EUR-ch"]
[Site "Katowice POL"]
[Date "2026.04.13"]
[Round "6.46"]
[White "Manafov, Vugar"]
[Black "Piorun, Kacper"]
[Result "1/2-1/2"]
[WhiteElo "2432"]
[BlackElo "2536"]
[EventDate "2026.04.07"]
[PlyCount "83"]

1.d4 Nf6 2.c4 g6 3.g3 Bg7 4.Bg2 d6 5.Nf3 O-O 6.O-O Bf5 7.Nfd2 c6 8.e4 Bg4 
9.f3 Bc8 10.Nc3 Nfd7 11.Nb3 Na6 12.Be3 c5 13.Qe2 cxd4 14.Nxd4 Ne5 15.Rfd1 
Bd7 16.Rac1 Nb4 17.a3 Nbc6 18.c5 dxc5 19.Nxc6 Nxc6 20.Bxc5 b6 21.Be3 e5 
22.Nb5 Qe7 23.Qd2 Rfd8 24.Qd6 Bf8 25.Qxe7 Nxe7 26.Bf1 Bxb5 27.Bxb5 Rxd1+ 
28.Rxd1 Kg7 29.Rd7 Rc8 30.Bg5 Ng8 31.Rxa7 Bc5+ 32.Kf1 Bd4 33.Bd3 Bxb2 34.
Ke2 Bd4 35.Be3 Bxe3 36.Kxe3 Nf6 37.Ra6 Nd7 38.Bb5 Nc5 39.Rxb6 Ra8 40.a4 
Nxa4 41.Rc6 Ra5 42.Bxa4 1/2-1/2

[Event "26th EUR-ch"]
[Site "Katowice POL"]
[Date "2026.04.13"]
[Round "6.47"]
[White "Davtian, Arsen"]
[Black "Wadsworth, Matthew"]
[Result "0-1"]
[WhiteElo "2430"]
[BlackElo "2532"]
[EventDate "2026.04.07"]
[PlyCount "76"]

1.e4 c6 2.d4 d5 3.e5 Bf5 4.Nf3 e6 5.Be2 a5 6.Nc3 a4 7.Bd2 Bb4 8.Rc1 Nd7 9.
O-O a3 10.b3 Ba5 11.Nb1 Ne7 12.c4 O-O 13.Bxa5 Qxa5 14.Nc3 dxc4 15.bxc4 
Rfd8 16.Qb3 h6 17.Rfd1 Bg6 18.h3 Ra6 19.c5 Ra7 20.Nd2 b5 21.Bf3 Nf5 22.
Nde4 Nxe5 23.dxe5 Nd4 24.Rxd4 Rxd4 25.Nd6 b4 26.Nce4 Qa4 27.Rb1 Qxb3 28.
Rxb3 Ra5 29.Nb7 Rb5 30.Nbd6 Bxe4 31.Nxe4 Rc4 32.Nd6 Rc1+ 33.Kh2 Rb8 34.
Bxc6 Rxc5 35.Bb7 Rxe5 36.Rxb4 Re2 37.Nc4 Rxa2 38.f3 Rc2 0-1

[Event "26th EUR-ch"]
[Site "Katowice POL"]
[Date "2026.04.13"]
[Round "6.48"]
[White "Maksimovic, Bojan"]
[Black "Fus, Jakub"]
[Result "1-0"]
[WhiteElo "2531"]
[BlackElo "2410"]
[EventDate "2026.04.07"]
[PlyCount "149"]

1.c4 e6 2.g3 d5 3.Bg2 Nf6 4.Nf3 dxc4 5.Qa4+ Nbd7 6.Qxc4 a6 7.Qc2 c5 8.Nc3 
Qc7 9.O-O b6 10.d4 Bb7 11.Bf4 Bd6 12.Bxd6 Qxd6 13.Rfd1 O-O 14.e4 Qe7 15.
Rac1 Rad8 16.Qe2 h6 17.h3 b5 18.e5 Nd5 19.Ne4 cxd4 20.Nxd4 Ba8 21.f4 N7b6 
22.Nd6 Nc8 23.Bxd5 Bxd5 24.Nc6 Bxc6 25.Rxc6 Qa7+ 26.Qf2 Qa8 27.Rc7 Qb8 28.
Qc5 Nb6 29.Rc1 Nd5 30.Rb7 Qa8 31.Ra7 Qb8 32.Rxa6 b4 33.Ra7 f6 34.Kg2 fxe5 
35.fxe5 h5 36.h4 Kh8 37.Re1 Kg8 38.Rc1 Kh8 39.Qd4 Kg8 40.Rc6 Kh8 41.Rc4 
Kg8 42.Rc1 Kh8 43.Nf7+ Rxf7 44.Rxf7 Nf6 45.Qf4 Qa8+ 46.Kh3 Ng4 47.Qg5 Rg8 
48.Qxh5+ Nh6 49.Rf6 Kh7 50.Qg6+ Kh8 51.Rf2 Qd5 52.Re1 Qxa2 53.Qe4 Qb3 54.
Re3 Qd1 55.Qf3 Qc1 56.Re4 Rd8 57.Rxb4 Nf5 58.Rf4 Rd1 59.Kh2 Qb1 60.Qa8+ 
Kh7 61.Qe4 Qc1 62.Rxf5 exf5 63.Qxf5+ Kg8 64.Qe4 Qc5 65.Kg2 Rd4 66.Qa8+ Kh7
67.Re2 Rd1 68.Qe4+ Kg8 69.e6 Qg1+ 70.Kh3 Qf1+ 71.Qg2 Qf5+ 72.Kh2 Rd8 73.e7
Re8 74.Qe4 Qf1 75.b4 1-0

[Event "26th EUR-ch"]
[Site "Katowice POL"]
[Date "2026.04.13"]
[Round "6.49"]
[White "Kempinski, Robert"]
[Black "Valiyev, Shahin"]
[Result "1/2-1/2"]
[WhiteElo "2527"]
[BlackElo "2409"]
[EventDate "2026.04.07"]
[PlyCount "65"]

1.Nf3 d5 2.e3 Nf6 3.c4 e6 4.Nc3 Be7 5.b3 O-O 6.Bb2 b6 7.Rc1 Bb7 8.cxd5 
exd5 9.Bd3 c5 10.O-O Nc6 11.Ne2 d4 12.exd4 Nxd4 13.Nexd4 cxd4 14.Rc4 Nd5 
15.Qb1 g6 16.Nxd4 Nf4 17.Be4 Ba6 18.Nc6 Qe8 19.Nxe7+ Qxe7 20.Bxa8 Bxc4 21.
bxc4 Ne2+ 22.Kh1 Rxa8 23.Ba1 Rd8 24.Qb2 f6 25.Rd1 Kf7 26.Qb3 Qe6 27.Qf3 
Nd4 28.Qb7+ Rd7 29.Qc8 Nf5 30.h3 Rd3 31.Qh8 Ng7 32.Kg1 Rxd2 33.Rxd2 
1/2-1/2

[Event "26th EUR-ch"]
[Site "Katowice POL"]
[Date "2026.04.13"]
[Round "6.50"]
[White "Sowinski, Pawel"]
[Black "Mastrovasilis, Dimitrios"]
[Result "1/2-1/2"]
[WhiteElo "2421"]
[BlackElo "2526"]
[EventDate "2026.04.07"]
[PlyCount "43"]

1.d4 d5 2.c4 c6 3.Nf3 Nf6 4.e3 Bg4 5.h3 Bxf3 6.Qxf3 e6 7.Nc3 Bb4 8.Bd3 O-O
9.O-O Nbd7 10.Bd2 dxc4 11.Bxc4 e5 12.Rad1 Qe7 13.Bb3 Bd6 14.g4 Nb6 15.g5 
Nfd5 16.h4 Rad8 17.Nxd5 Nxd5 18.e4 Nc7 19.Bc3 exd4 20.Bxd4 Ne6 21.Bc3 Bb4 
22.Bxe6 1/2-1/2

[Event "26th EUR-ch"]
[Site "Katowice POL"]
[Date "2026.04.13"]
[Round "6.51"]
[White "Reuker, Jari"]
[Black "Kadric, Denis"]
[Result "1/2-1/2"]
[WhiteElo "2413"]
[BlackElo "2523"]
[EventDate "2026.04.07"]
[PlyCount "90"]

1.d4 Nf6 2.c4 g6 3.Nc3 Bg7 4.e4 d6 5.Be2 O-O 6.Nf3 e5 7.O-O Na6 8.Be3 Ng4 
9.Bg5 f6 10.Bc1 Nh6 11.Re1 Nf7 12.Rb1 f5 13.dxe5 dxe5 14.Qxd8 Rxd8 15.b4 
c6 16.c5 Be6 17.Nd2 Nc7 18.Nb3 Rab8 19.Na5 fxe4 20.Bf1 Bf5 21.Rb3 Ne6 22.
Nxe4 Bxe4 23.Rxe4 Rd1 24.Be3 Nd4 25.Bxd4 exd4 26.g3 Rf8 27.Kg2 Ne5 28.f4 
Ng4 29.Nxb7 Ne3+ 30.Rbxe3 dxe3 31.Bc4+ Kh8 32.Rxe3 Rd2+ 33.Kh3 Bd4 34.Re7 
Bg1 35.Nd6 Rxh2+ 36.Kg4 a5 37.a3 axb4 38.axb4 Rb2 39.Nf7+ Rxf7 40.Bxf7 
Rxb4 41.Kg5 Bxc5 42.Rc7 Re4 43.Rxc6 Be7+ 44.Kg4 Kg7 45.Bc4 Re3 1/2-1/2

[Event "26th EUR-ch"]
[Site "Katowice POL"]
[Date "2026.04.13"]
[Round "6.52"]
[White "Petriashvili, Nikoloz"]
[Black "Piesik, Piotr"]
[Result "1/2-1/2"]
[WhiteElo "2518"]
[BlackElo "2407"]
[EventDate "2026.04.07"]
[PlyCount "157"]

1.c4 c6 2.Nf3 d5 3.g3 Nf6 4.Bg2 Bf5 5.Qb3 Qb6 6.d3 e6 7.Be3 Qxb3 8.axb3 a6
9.Bd4 Nbd7 10.Bc3 Bd6 11.cxd5 exd5 12.Nh4 Be6 13.f4 Nc5 14.Nd2 Bd7 15.b4 
Ne6 16.Nf5 Bf8 17.O-O Nc7 18.Nd4 Ng4 19.Bf3 Ne3 20.Rfc1 h5 21.N2b3 O-O-O 
22.Nc5 Bxc5 23.bxc5 f6 24.Bd2 Rde8 25.Bxe3 Rxe3 26.Kf2 Re7 27.e4 dxe4 28.
dxe4 h4 29.g4 g5 30.f5 Rd8 31.Rd1 Be8 32.Nc2 Rxd1 33.Rxd1 Bf7 34.Ne1 Nb5 
35.Ke3 Bc4 36.Bg2 Rd7 37.Rxd7 Kxd7 38.Nf3 Ke7 39.Nd2 Bf7 40.Bf1 Nc7 41.Kd4
a5 42.e5 Bd5 43.Bc4 Bg2 44.Bd3 Nd5 45.Be4 Bh3 46.Bf3 fxe5+ 47.Kxe5 Nf6 48.
Ne4 Bxg4 49.Nxf6 Bxf3 50.Nh7 g4 51.Ng5 Be2 52.Kf4 Bd3 53.Kxg4 Kf6 54.Kf4 
Bxf5 55.Nf3 h3 56.Nd2 a4 57.Nc4 Bd3 58.Nd6 Ke6 59.Ke3 Ba6 60.Kd4 Kf6 61.
Ke4 Ke6 62.Ne8 Bf1 63.Ng7+ Kf6 64.Nh5+ Kg5 65.Nf4 Kg4 66.Ng6 Bg2+ 67.Ke3 
Bd5 68.Nf4 Bc4 69.Ke4 Bb3 70.Ne2 Bc2+ 71.Ke3 Bb3 72.Nf4 Bc4 73.Ke4 Bf7 74.
Ne2 Be6 75.Nf4 Ba2 76.Ke3 Bd5 77.Ne2 Be6 78.Nf4 Bf5 79.Ne2 1/2-1/2

[Event "26th EUR-ch"]
[Site "Katowice POL"]
[Date "2026.04.13"]
[Round "6.53"]
[White "Narva, Mai"]
[Black "Petkov, Momchil"]
[Result "0-1"]
[WhiteElo "2411"]
[BlackElo "2517"]
[EventDate "2026.04.07"]
[PlyCount "88"]

1.e4 c5 2.Nf3 d6 3.Bb5+ Nd7 4.c3 Nf6 5.Qe2 a6 6.Ba4 g6 7.O-O Bg7 8.d4 cxd4
9.cxd4 b5 10.Bc2 Nb6 11.Bd2 Bg4 12.Ba5 Qb8 13.Nbd2 O-O 14.Bb3 Qb7 15.Rac1 
Nc4 16.Bxc4 bxc4 17.e5 dxe5 18.dxe5 Nd7 19.Nxc4 Qb5 20.Bc3 Bxf3 21.gxf3 
Nc5 22.b3 Bh6 23.Rc2 Ne6 24.Bd2 Bxd2 25.Rxd2 a5 26.Nb2 Qb4 27.Rfd1 Qh4 28.
Kh1 Rab8 29.Qe4 Qg5 30.Qe3 Qh5 31.Nd3 Rb5 32.Rg1 Rc8 33.Rg4 Rd5 34.Kg2 
Rcd8 35.Rd1 Rxd3 36.Rxd3 Rxd3 37.Qxd3 Qxg4+ 38.fxg4 Nf4+ 39.Kf3 Nxd3 40.a3
Kf8 41.h3 Ke8 42.Ke3 Nxe5 43.Kd4 Nc6+ 44.Kc5 Kd7 0-1

[Event "26th EUR-ch"]
[Site "Katowice POL"]
[Date "2026.04.13"]
[Round "6.54"]
[White "Royal, Shreyas"]
[Black "Cukrowski, Filip"]
[Result "1-0"]
[WhiteElo "2515"]
[BlackElo "2400"]
[EventDate "2026.04.07"]
[PlyCount "149"]

1.d4 Nf6 2.c4 e6 3.Nc3 d5 4.Bg5 Be7 5.e3 Nbd7 6.Qc2 c6 7.Nf3 O-O 8.cxd5 
exd5 9.Bd3 h6 10.Bh4 Nb6 11.O-O Be6 12.Ne5 Ng4 13.Bxe7 Qxe7 14.Nf3 Rae8 
15.h3 Nf6 16.Ne5 Nfd7 17.Nf3 Nc8 18.b4 Qf6 19.Kh2 Nd6 20.a4 Rc8 21.Ne2 Bf5
22.Bxf5 Qxf5 23.Qxf5 Nxf5 24.Nf4 Nd6 25.b5 Nf6 26.Rfb1 c5 27.dxc5 Rxc5 28.
Nd4 Rfc8 29.a5 Nfe4 30.Rb2 Nc4 31.Rc2 Ne5 32.Rca2 Nd6 33.Rb1 Ne4 34.Rb3 
Nc3 35.Rxc3 Rxc3 36.Nxd5 Kf8 37.Nxc3 Rxc3 38.a6 bxa6 39.bxa6 Nc6 40.Rb2 
Nxd4 41.exd4 Rc6 42.Rb8+ Ke7 43.Rb7+ Kf6 44.Rxa7 Rd6 45.Kg3 Rxd4 46.Rb7 
Ra4 47.a7 g5 48.Kf3 Ke6 49.g4 f5 50.Ke3 fxg4 51.hxg4 Ke5 52.f3 Ra3+ 53.Kd2
Kd4 54.Rd7+ Kc4 55.Ke2 Ra6 56.Kf2 Ra3 57.Kg3 Ra2 58.Kh3 Kc5 59.Rh7 Kd4 60.
Kg3 Ke3 61.Rxh6 Rxa7 62.Rf6 Ra1 63.Re6+ Kd4 64.Rd6+ Ke3 65.Rd5 Rg1+ 66.Kh2
Rf1 67.Rxg5 Kf2 68.Rf5 Rg1 69.g5 Rg3 70.Ra5 Rxf3 71.Ra2+ Kf1 72.Rg2 Rf8 
73.Kg3 Rf5 74.Kh3 Rf8 75.Ra2 1-0

[Event "26th EUR-ch"]
[Site "Katowice POL"]
[Date "2026.04.13"]
[Round "6.55"]
[White "Coicev, Matei-Andrei"]
[Black "Stocek, Jiri"]
[Result "1/2-1/2"]
[WhiteElo "2333"]
[BlackElo "2512"]
[EventDate "2026.04.07"]
[PlyCount "126"]

1.e4 c5 2.c3 Nf6 3.e5 Nd5 4.d4 cxd4 5.Nf3 d6 6.cxd4 dxe5 7.dxe5 Nc6 8.Bc4 
Be6 9.O-O g6 10.Qe2 Qc7 11.Bxd5 Bxd5 12.Nc3 Be6 13.Bf4 Bg7 14.Ng5 Qc8 15.
Rad1 O-O 16.Rfe1 Bg4 17.f3 Be6 18.Nxe6 Qxe6 19.Qb5 Rad8 20.Qxb7 Nxe5 21.
Bg3 Rxd1 22.Nxd1 Qc4 23.Qe4 Qc5+ 24.Bf2 Qa5 25.Bg3 f5 26.Qe2 f4 27.Bf2 
Qxa2 28.Nc3 Qc4 29.Qxc4+ Nxc4 30.Nd5 e5 31.b3 Nd2 32.b4 Rf7 33.Rc1 Rd7 34.
Rc8+ Kf7 35.Rc7 Rxc7 36.Nxc7 Bf8 37.b5 Bd6 38.Na6 Ke6 39.Bxa7 Kd5 40.b6 
Kc6 41.Bb8 Nc4 42.Bxd6 Nxd6 43.Nb8+ Kb7 44.Nd7 Nf7 45.Nf8 Kxb6 46.Nxh7 Kc5
47.Nf6 Kd4 48.Kf2 Nd6 49.g3 g5 50.gxf4 exf4 51.Nh7 Nf7 52.Nf6 Ke5 53.Ne4 
Kf5 54.Kg2 Ne5 55.Nd6+ Kg6 56.Ne4 Kh5 57.Nd6 Nd3 58.Ne4 Kh4 59.Nd6 Ne1+ 
60.Kf2 Nc2 61.Kg2 Ne1+ 62.Kf2 Nd3+ 63.Kg2 Ne1+ 1/2-1/2

[Event "26th EUR-ch"]
[Site "Katowice POL"]
[Date "2026.04.13"]
[Round "6.56"]
[White "Atoyan, Alberto"]
[Black "Davtian, Artur"]
[Result "1-0"]
[WhiteElo "2342"]
[BlackElo "2510"]
[EventDate "2026.04.07"]
[PlyCount "85"]

1.d4 Nf6 2.c4 d6 3.Nf3 g6 4.Nc3 Bg7 5.e4 O-O 6.Be2 Nbd7 7.Be3 e5 8.O-O Ng4
9.Bg5 f6 10.Bd2 a5 11.Qc2 exd4 12.Nxd4 Nc5 13.h3 f5 14.Nb3 Nxb3 15.Qxb3 
Ne5 16.exf5 Bxf5 17.c5+ Kh8 18.Be3 dxc5 19.Bxc5 Re8 20.Rad1 Qc8 21.f4 a4 
22.Qa3 Nc6 23.Bf3 Qe6 24.Nb5 Qf7 25.Nd4 Nxd4 26.Bxd4 c6 27.Qc3 Rad8 28.
Bxg7+ Qxg7 29.Qb4 h6 30.Rfe1 Rxe1+ 31.Rxe1 Rd4 32.Qc3 Rd7 33.Qb4 Qf6 34.
Re2 b5 35.Qc5 Rd6 36.Bxc6 h5 37.Bxb5 Rd1+ 38.Kh2 Bxh3 39.Re8+ Kg7 40.Re7+ 
Kh8 41.gxh3 Qxf4+ 42.Kg2 Rc1 43.Qe5+ 1-0

[Event "26th EUR-ch"]
[Site "Katowice POL"]
[Date "2026.04.13"]
[Round "6.57"]
[White "Fiedorek, Michal"]
[Black "Kilic, Eray"]
[Result "0-1"]
[WhiteElo "2323"]
[BlackElo "2502"]
[EventDate "2026.04.07"]
[PlyCount "76"]

1.e4 c5 2.Nf3 d6 3.d4 cxd4 4.Nxd4 Nf6 5.Nc3 g6 6.Be3 a6 7.f3 h5 8.Bc4 Bg7 
9.Qd2 Nbd7 10.a4 b6 11.O-O Bb7 12.Ba2 Rc8 13.Rad1 Qc7 14.Qf2 O-O 15.h3 Ne5
16.Rfe1 Nc4 17.Bc1 Qc5 18.Nde2 Qxf2+ 19.Kxf2 Nd7 20.Nd4 Rfe8 21.Bb3 Rc5 
22.Nd5 Bxd5 23.exd5 Na5 24.Nc6 Nxc6 25.dxc6 Rxc6 26.a5 b5 27.c3 Kf8 28.Bd5
Rc7 29.Be3 Rb8 30.Re2 b4 31.cxb4 Rxb4 32.b3 e6 33.Bc4 Rc6 34.Bd2 Rb7 35.
Rde1 d5 36.Bxd5 Bd4+ 37.Kf1 exd5 38.Bh6+ Kg8 0-1

[Event "26th EUR-ch"]
[Site "Katowice POL"]
[Date "2026.04.13"]
[Round "6.58"]
[White "Gokerkan, Cem Kaan"]
[Black "Kiladze, Luka"]
[Result "1/2-1/2"]
[WhiteElo "2501"]
[BlackElo "2380"]
[EventDate "2026.04.07"]
[PlyCount "94"]

1.e4 c5 2.Nf3 Nc6 3.Bb5 g6 4.O-O Bg7 5.Bxc6 dxc6 6.d3 Nf6 7.Re1 O-O 8.h3 
b6 9.a4 a5 10.Bf4 Nh5 11.Bc1 e5 12.Na3 Qc7 13.Nc4 Be6 14.Ng5 Bd7 15.Be3 h6
16.Nf3 Be6 17.Nfd2 Rab8 18.Qe2 Rfe8 19.Qf3 Nf4 20.Rad1 h5 21.b3 h4 22.Nf1 
Rf8 23.Bd2 Rbe8 24.Nh2 b5 25.axb5 cxb5 26.Ne3 a4 27.bxa4 bxa4 28.Ra1 Qd7 
29.Ra3 f5 30.exf5 gxf5 31.Rea1 Ra8 32.Qd1 e4 33.dxe4 fxe4 34.Rb1 Rab8 35.
Rxb8 Rxb8 36.c4 Ra8 37.Nhg4 Rd8 38.Nf1 Bxg4 39.hxg4 Ra8 40.Qe1 Qxg4 41.
Bxf4 Qxf4 42.g3 hxg3 43.Nxg3 Bd4 44.Nxe4 Ra7 45.Kg2 Re7 46.Rg3+ Rg7 47.
Nxc5 Bxc5 1/2-1/2

[Event "26th EUR-ch"]
[Site "Katowice POL"]
[Date "2026.04.13"]
[Round "6.59"]
[White "Samunenkov, Ihor"]
[Black "Trushko, Andrii"]
[Result "1-0"]
[WhiteElo "2596"]
[BlackElo "2325"]
[EventDate "2026.04.07"]
[PlyCount "65"]

1.e4 c6 2.d4 d5 3.e5 Bf5 4.Nf3 e6 5.Be2 c5 6.Be3 cxd4 7.Nxd4 Ne7 8.Nd2 
Nbc6 9.Bb5 Bg6 10.c4 a6 11.Ba4 Qa5 12.Qb3 O-O-O 13.Nxc6 Nxc6 14.Bxc6 bxc6 
15.Bb6 Qxd2+ 16.Kxd2 dxc4+ 17.Bxd8 cxb3 18.Ba5 bxa2 19.Rxa2 Be4 20.f3 Bd5 
21.Ra4 Be7 22.Rg4 g6 23.h4 c5 24.h5 g5 25.h6 Kd7 26.Kc2 Rg8 27.Bc3 Rg6 28.
Rh5 Kc6 29.Bd2 f5 30.exf6 Bxf6 31.Bxg5 Bd4 32.Rhh4 Bf2 33.Bf4 1-0

[Event "26th EUR-ch"]
[Site "Katowice POL"]
[Date "2026.04.13"]
[Round "6.60"]
[White "Amar, Elham"]
[Black "Sieciechowicz, Marcin"]
[Result "1-0"]
[WhiteElo "2586"]
[BlackElo "2383"]
[EventDate "2026.04.07"]
[PlyCount "82"]

1.e4 e6 2.d4 d5 3.e5 c5 4.c3 Qb6 5.Nf3 Bd7 6.Bd3 Bb5 7.dxc5 Bxc5 8.b4 Bxd3
9.Qxd3 Bf8 10.O-O Nc6 11.Na3 Nge7 12.Be3 Qd8 13.Bc5 Nf5 14.Bxf8 Kxf8 15.b5
Na5 16.c4 dxc4 17.Qc3 Qc7 18.Rac1 Rc8 19.Ng5 h5 20.Rfd1 b6 21.Rd2 Rh6 22.
Rcd1 Rg6 23.Rd7 Qb8 24.Nxf7 Kg8 25.Rd8+ Kh7 26.Qh3 Rh6 27.f4 Kg6 28.Rxc8 
Qxc8 29.Nxh6 Nxh6 30.Qe3 Nf5 31.Qf2 Qf8 32.Nc2 c3 33.Nd4 Qc5 34.Nxf5 Kxf5 
35.Qxc5 bxc5 36.Rc1 c4 37.Rxc3 Ke4 38.Ra3 Nb7 39.Rxa7 Nc5 40.Rc7 Kd4 41.
Kf1 Kd5 1-0

[Event "26th EUR-ch"]
[Site "Katowice POL"]
[Date "2026.04.13"]
[Round "6.61"]
[White "Kurmann, Oliver"]
[Black "Petrosian, Manuel"]
[Result "0-1"]
[WhiteElo "2377"]
[BlackElo "2584"]
[EventDate "2026.04.07"]
[PlyCount "46"]

1.d4 Nf6 2.Bf4 b6 3.e3 Bb7 4.c4 g6 5.Nc3 Bg7 6.Nf3 O-O 7.Be2 d6 8.Qc2 Nbd7
9.Rd1 Nh5 10.Bg5 h6 11.Bh4 g5 12.Bxg5 hxg5 13.g4 f5 14.Rg1 e6 15.d5 fxg4 
16.Nd4 Bxd4 17.Rxd4 Ne5 18.Bxg4 Ng7 19.Ne4 exd5 20.Nxg5 Qxg5 21.Be6+ Nxe6 
22.Rxg5+ Nxg5 23.Rg4 Nxg4 0-1

[Event "26th EUR-ch"]
[Site "Katowice POL"]
[Date "2026.04.13"]
[Round "6.62"]
[White "Nunez Gregoire, Daniel"]
[Black "Kourkoulos-Arditis, Stamatis"]
[Result "0-1"]
[WhiteElo "2375"]
[BlackElo "2583"]
[EventDate "2026.04.07"]
[PlyCount "108"]

1.d4 Nf6 2.c4 g6 3.Nf3 Bg7 4.g3 O-O 5.Bg2 d6 6.Nc3 Nbd7 7.e4 e5 8.O-O exd4
9.Nxd4 Re8 10.h3 Nc5 11.Re1 h6 12.b3 a5 13.Bb2 a4 14.Rb1 c6 15.b4 a3 16.
Ba1 Ne6 17.Nf3 Ng5 18.Nxg5 hxg5 19.Qd3 Be6 20.Ne2 b5 21.cxb5 cxb5 22.Qd2 
Bc4 23.Nd4 g4 24.hxg4 Nxg4 25.Nc6 Qb6 26.Bxg7 Kxg7 27.Na5 Rac8 28.Rbd1 Be6
29.Bf3 Ne5 30.Be2 Rh8 31.Qxd6 Qxd6 32.Rxd6 Rc2 33.f4 Bg4 34.fxe5 Bxe2 35.
Rf6 Bg4 36.Ref1 Be6 37.R6f2 Rhc8 38.Nb3 Rxf2 39.Kxf2 Rc2+ 40.Ke3 Rxa2 41.
Nc5 Bc4 42.Rh1 Re2+ 43.Kd4 a2 44.Kc3 Rg2 45.Nd7 Rxg3+ 46.Kb2 g5 47.Nf6 Kg6
48.Ng8 g4 49.Nf6 Rb3+ 50.Kc2 Rb1 51.Rxb1 Bd3+ 52.Kb2 axb1=Q+ 53.Ka3 Bc4 
54.e6 Qa1# 0-1

[Event "26th EUR-ch"]
[Site "Katowice POL"]
[Date "2026.04.13"]
[Round "6.63"]
[White "Yilmaz, Mustafa"]
[Black "Ambartsumian, Tyhran"]
[Result "1/2-1/2"]
[WhiteElo "2582"]
[BlackElo "2372"]
[EventDate "2026.04.07"]
[PlyCount "60"]

1.Nf3 Nf6 2.c4 e6 3.Nc3 d5 4.e3 dxc4 5.Bxc4 a6 6.O-O b5 7.Bb3 Bb7 8.d4 Be7
9.Qe2 O-O 10.e4 b4 11.e5 bxc3 12.exf6 Bxf6 13.bxc3 Nd7 14.Bf4 c5 15.Rad1 
cxd4 16.Nxd4 Nc5 17.Nxe6 Qe8 18.Nd4 Qxe2 19.Nxe2 Nxb3 20.axb3 a5 21.Rfe1 
Rfc8 22.Rc1 a4 23.bxa4 Rxa4 24.h3 Rac4 25.Bd6 h6 26.Bb4 Re8 27.Ng3 Rxe1+ 
28.Rxe1 Bxc3 29.Bxc3 Rxc3 30.Nf5 Rc7 1/2-1/2

[Event "26th EUR-ch"]
[Site "Katowice POL"]
[Date "2026.04.13"]
[Round "6.64"]
[White "Talu, Mircea"]
[Black "Acs, Peter"]
[Result "0-1"]
[WhiteElo "2371"]
[BlackElo "2573"]
[EventDate "2026.04.07"]
[PlyCount "94"]

1.d4 Nf6 2.c4 e6 3.Nf3 d5 4.Nc3 c6 5.e3 Nbd7 6.Qc2 Bd6 7.Bd3 O-O 8.O-O 
dxc4 9.Bxc4 b5 10.Bd3 Bb7 11.h3 b4 12.Ne4 Nxe4 13.Bxe4 f5 14.Bd3 c5 15.e4 
cxd4 16.Nxd4 Nc5 17.exf5 Nxd3 18.Qxd3 Bc5 19.Rd1 Qd5 20.Nf3 Qxf5 21.Qxf5 
Rxf5 22.Bd2 Bxf3 23.gxf3 Rxf3 24.Rac1 Bb6 25.Be1 b3 26.axb3 Rg3+ 27.Kf1 
Rxh3 28.Rd7 Rf8 29.Rc6 Rhf3 30.Ke2 R3f7 31.Rxf7 Kxf7 32.Bd2 h5 33.Rc4 Kg6 
34.f3 Rf5 35.Bc3 Rg5 36.Rc8 h4 37.Bd2 Rh5 38.Bf4 h3 39.Rc1 Rf5 40.Bb8 e5 
41.Rc6+ Kf7 42.Rc1 h2 43.Rh1 Bg1 44.b4 Ke6 45.b5 Rf7 46.f4 exf4 47.Kf3 g5 
0-1